01017nam a2200301Ia 450000500170000000800570001702000180007404100080009210000280010024500650012825000220019330000240021549000490023950000420028852100360033065000400036665000450040665000440045170000260049594200150052126400300053633600270056633700330059333800280062604000350065408400110068999900150070020220317001619.000003022011 sp g spa spa a9788499212616 aspa1 aKafka, Franzd1883-192413aLa metamorfosiscFranz Kafka ; traducción de Carlos Fortea aSegunda edición a92 páginasc19 cm aBiblioteca básica : Clásicos universales aIncluye datos biográficos del autor aRecomendado desde los 15 años142LEMBaNovela checoslovacaySiglo XX142LEMBaLiteratura checoslovaca ySiglo XX142LEMBaExistencialismo en la literatura 1 aFortea, Carlos992752 2loccBKLIT aBarcelonabOctaedroc2011 atextobtxt2rdacontent asin mediaciónbn2rdamedia avolumenbnc2rdacarrier aCO-BoRNBPbspaerdacCO-BoRNBP aN KAF1 c7539d7539